000
00322nam a2200133Ia 4500
008
240624s9999 xx 000 0 und d
041
_a
eng
082
_a
650.1 HIL
100
_a
HILL NAPOLEON
245
_a
LAW OF SUCCESS
260
_c
2002
_a
Bangalore
_b
Master Mind Books
300
_a
xiii, : 610 : cm. ; 21
365
_c
RS
999
_c
2326
_d
2326